<?xml version='1.0' encoding='UTF-8'?>
  <record xmlns="http://www.loc.gov/MARC21/slim">
    <leader>00000cem a22000007i 4500</leader>
    <controlfield tag="001">ocn902705140</controlfield>
    <controlfield tag="003">OCoLC</controlfield>
    <controlfield tag="005">20231213210205.5</controlfield>
    <controlfield tag="008">150202s1752    fr        a     0   fre d</controlfield>
    <datafield tag="040" ind1=" " ind2=" ">
      <subfield code="a">NLGGC</subfield>
      <subfield code="b">dut</subfield>
      <subfield code="e">fobidrtb</subfield>
      <subfield code="c">NLGGC</subfield>
      <subfield code="d">QGJ</subfield>
      <subfield code="d">OCLCO</subfield>
      <subfield code="d">QGJ</subfield>
      <subfield code="d">OCLCL</subfield>
    </datafield>
    <datafield tag="035" ind1=" " ind2=" ">
      <subfield code="a">(OCoLC)902705140</subfield>
    </datafield>
    <datafield tag="084" ind1=" " ind2=" ">
      <subfield code="a">74.21</subfield>
      <subfield code="2">bcl</subfield>
    </datafield>
    <datafield tag="084" ind1=" " ind2=" ">
      <subfield code="a">74.25</subfield>
      <subfield code="2">bcl</subfield>
    </datafield>
    <datafield tag="100" ind1="1" ind2=" ">
      <subfield code="a">Buache, Philippe,</subfield>
      <subfield code="d">1700-1773.</subfield>
      <subfield code="4">ctg</subfield>
      <subfield code="4">pbl</subfield>
      <subfield code="1">https://id.oclc.org/worldcat/entity/E39PBJg8GKdHG7wYx4FT4RwBfq</subfield>
    </datafield>
    <datafield tag="245" ind1="1" ind2="0">
      <subfield code="a">Carte des terres aux environs du Japon ou du nord-est de l'Asie et du nord-ouest de l'Amérique extraite d'une carte japonnoise de l'univers apportée en Europe par Kaempfer et déposé dans le Cabinet de feu Mr. Hans-Sloane, Président de la Société Rle. de Londres :</subfield>
      <subfield code="b">Carte des terres nouvellement connues au nord de la mer du sud tant du côté de l'Asie que du côté de l'Amérique, réduite d'après les cartes présentées à l'Acad. des sc. au mois d'août 1752, avec la route des chinois an Amérique vers l'an 458 de J.C. tracée sur les conoiss. géographiques que Mr. de Guignes a tirées des annales chinoises /</subfield>
      <subfield code="c">par Philippe Buache ; [grav. par] G. Kribber.</subfield>
    </datafield>
    <datafield tag="246" ind1="3" ind2=" ">
      <subfield code="a">Carte des terres nouvellement connues au nord de la mer du sud tant du côté de l'Asie que du côté de l'Amérique</subfield>
    </datafield>
    <datafield tag="260" ind1=" " ind2=" ">
      <subfield code="a">A Paris :</subfield>
      <subfield code="b">[sur le Quay de l'Horloge du Palais [Philippe Buache],</subfield>
      <subfield code="c">1752.</subfield>
    </datafield>
    <datafield tag="300" ind1=" " ind2=" ">
      <subfield code="a">2 krt. op 1 bl. :</subfield>
      <subfield code="b">kopergrav. in kleur ;</subfield>
      <subfield code="c">17 x 28 cm, 16 x 27 cm</subfield>
    </datafield>
    <datafield tag="336" ind1=" " ind2=" ">
      <subfield code="a">cartografische afbeelding</subfield>
      <subfield code="b">cri</subfield>
      <subfield code="2">rdacontent/dut</subfield>
    </datafield>
    <datafield tag="337" ind1=" " ind2=" ">
      <subfield code="a">zonder medium</subfield>
      <subfield code="b">n</subfield>
      <subfield code="2">rdamedia/dut</subfield>
    </datafield>
    <datafield tag="338" ind1=" " ind2=" ">
      <subfield code="a">vel</subfield>
      <subfield code="b">nb</subfield>
      <subfield code="2">rdacarrier/dut</subfield>
    </datafield>
    <datafield tag="500" ind1=" " ind2=" ">
      <subfield code="a">Linksboven: 'Publiée sous le Privilége de l'Academie des Sc.</subfield>
    </datafield>
    <datafield tag="500" ind1=" " ind2=" ">
      <subfield code="a">Rechtsboven: "VI.e Carte relative au Mém. lû à l'Acad. le 9 août 1752.</subfield>
    </datafield>
    <datafield tag="500" ind1=" " ind2=" ">
      <subfield code="a">Verschenen in: Considérations géographiques et physiques sur les nouvelles découvertes au nord de la grande mer, appellée vulgairement la Mer du Sud. - Paris : L'Imprimerie de Ballard, 1753.</subfield>
    </datafield>
    <datafield tag="651" ind1=" " ind2="7">
      <subfield code="a">Noordoost-Azië.</subfield>
      <subfield code="0">(NL-LeOCL)078605946.</subfield>
      <subfield code="2">gtt</subfield>
    </datafield>
    <datafield tag="651" ind1=" " ind2="7">
      <subfield code="a">Noord-Amerika.</subfield>
      <subfield code="0">(NL-LeOCL)078605679.</subfield>
      <subfield code="2">gtt</subfield>
    </datafield>
    <datafield tag="655" ind1=" " ind2="7">
      <subfield code="a">Kaarten (vorm)</subfield>
      <subfield code="0">(NL-LeOCL)088143554.</subfield>
      <subfield code="2">gtt</subfield>
    </datafield>
    <datafield tag="700" ind1="1" ind2=" ">
      <subfield code="a">Kribber, G.</subfield>
    </datafield>
  </record>